000 01481cam0 2200373 ib4500
001 BY-MA0022-br320212
005 20251029114229.0
010 ^a978-5-9614-7677-4
^bв переплете
100 ^a20221205d2022 a y0rusy5050 ca
101 0 ^arus
102 ^aRU
105 ^aa z 000ay
109 ^ama
200 1 ^aДругая Элис
^fМишель Харрисон
^gперевод с английского [М. Брауде]
210 ^aМосква
^cАльпина Паблишер
^cАльпина. дети
^d2022
215 ^a393, [1] с.
^d21 см
333 ^a12+
345 ^93000 экз.
608 ^aФЭНТЕЗИ (лит. произведение)
^3BY-NLB-ar59161
^2BYGNR
608 ^aРОМАН
^3BY-NLB-ar92012
^2BYGNR
608 ^aДЕТСКАЯ И ЮНОШЕСКАЯ ЛИТЕРАТУРА (художеств. произведение)
^3BY-NLB-ar9019
^2BYGNR
606 ^aХУДОЖЕСТВЕННАЯ ЛИТЕРАТУРА
^3BY-NLB-ar37179
^2DVNLB
606 ^aАНГЛИЙСКАЯ ЛИТЕРАТУРА
^3BY-NLB-ar2468
^2DVNLB
686 ^a84(4Вел)-4
^2rubbk
690 ^a1
^2Base
^9BY-MI0000
^xRSEK
700 1 ^aХаррисон
^bМ.
702 1 ^aБрауде
^bМ.
^gМария
^4730
801 0 ^aBY
^bBY-MA0022
^c20221205
^gRCR
801 2 ^aBY
^bBY-MI0000
^c20251020
^gRCR
035 ^a(BY-MI0000)BY-MA0022-br320212
899 0 ^aBY-MI0000
^iХ21
^h84(4Вел)